Normal view MARC view

Entry Topical Term

Number of records used in: 1

001 - CONTROL NUMBER

  • control field: 19582

003 - CONTROL NUMBER IDENTIFIER

  • control field: OSt

005 - DATE AND TIME OF LATEST TRANSACTION

  • control field: 20260416174312.0

008 - FIXED-LENGTH DATA ELEMENTS

  • fixed length control field: 260416|| aca||aabn | a|a d

040 ## - CATALOGING SOURCE

  • Original cataloging agency: OSt
  • Transcribing agency: OSt

150 ## - HEADING--TOPICAL TERM

  • Topical term or geographic name entry element: Water pollutants

670 ## - SOURCE DATA FOUND

  • Source citation: Work cat.: (OSt)9631: Gruyter, DE 19580, Mohamed Elzagheid Water Chemistry, Analysis and Treatment: pollutants, microbial contaminants, water and wastewater treatment